01070nam a2200157 a 4500008004100000020001500041041000800056100001700064245008600081250001100167260004200178300001100220500013200231505053400363655001500897190917t2001 sp |||g |||| 001 0 spa d a8484411125 aspa1 aStine, R. L.3 aLa casa del terror. Abre la puerta.bQuerido diario: estoy muerto! /cR. L. Stine a1a ed. aBarcelona:bMontena Mondadori;c2001. a158 p. aStine, R. L. (2001). La casa del terror. Abre a puerta. Querido diario: estoy muerto!. (1a ed.). Barcelona : Montena Mondadori. aTienes en tus manos la llave para entrar en un mundo de sombra, miedo y terror. Deja atrás el confortable y seguro mundo en el que viven, abre la puerta al terror, siempre hay sitio para ti en la Casa el terror. Te presento a Alex Smith, ese chico que corre como un loco a casa a mirar su diario. Y es que Alex nunca ha escrito ni una palabra en su diario pero ayer encontró una misteriosa nota que habla sobre su futuro. Lo que él no sabe es que en cuanto abra el diario estará abriendo la puerta de La casa del terror.  aLiteratura